| 000 -ლიდერი |
| ფიქსირებული სიგრძის საკონტროლო ველი |
01114nam a22002057a 4500 |
| 003 - საკონტროლო ნომრის იდენტიფიკატორი |
| საკონტროლო ველი |
Ge_BSU |
| 005 - ბოლო ოპერაციის თარიღი და დრო |
| საკონტროლო ველი |
20221222124226.0 |
| 008 - ფიქსირებული სიგრძის მონაცემთა ელემენტები - ზოგადი ინფორმაცია |
| ფიქსირებული სიგრძის საკონტროლო ველი |
221222s1979ge xxu||||| |||| 00| 0 geo d |
| 041 ## - ენის კოდი |
| Language code of text/sound track or separate title |
geo |
| 080 ## - უნივერსალური ათობითი კლასიფიკაციის ინდექსი |
| Universal Decimal Classification number |
821.353.1(092ბარათაშვილი, ნ.) გ-30 |
| 100 ## - მთავარი ჩანაწერი - პიროვნების სახელი |
| Personal name |
გელოვანი, აკაკი, ავტ. |
| 9 (RLIN) |
16523 |
| 245 ## - ცნობა სათაურის შესახებ |
| Title |
სვეტი ნათლისა : |
| Remainder of title |
[ნ. ბარათაშვილის ცხოვრება და შემოქმედება]. / |
| Statement of responsibility, etc |
აკაკი გელოვანი, რედ.ა. ჟორდანია |
| 250 ## - გამოცემის ცნობა |
| Edition statement |
მე-2 გამოც. |
| 264 ## - წარმოების, გამოცემის, დისტრიბუციის და სხვა ცნობები |
| გამოცემის, წარმოების, დისტრიბუციის... ადგილი |
თბილისი : |
| გამოცემის, წარმოების, დისტრიბუციის... სახელწოდება |
განათლება, |
| გამოცემის, წარმოების, დისტრიბუციის... თარიღი |
1979. |
| 300 ## - ფიზიკური აღწერა |
| Extent |
475გვ. |
| Other physical details |
პორტრ. ; |
| Dimensions |
22 სმ. |
| 440 ## - სერიის ცნობა / დამატებულია ჩანაწერი - სათაური |
| Title |
"განათლების" ბიბლიოთეკა |
| 9 (RLIN) |
16224 |
| 653 ## - INDEX TERM--UNCONTROLLED |
| Uncontrolled term |
ლიტერატურის ისტორია და კრიტიკა -- ქართული ლიტერატურა. |
| 700 ## - ADDED ENTRY--PERSONAL NAME |
| Personal name |
ჟორდანია, ა |
| Relator term |
რედაქტორი |
| 9 (RLIN) |
4681 |
| 942 ## - ADDED ENTRY ELEMENTS (KOHA) |
| Source of classification or shelving scheme |
|
| Koha item type |
წიგნი |